1664 1526 1259 1963 1578 1442 1098 1007 1927 1138 1522 1312 1789 1811 1945 1724 1002 1467 1824 1187 1721 1378 1838 1562 1137 1781 1820 1346 1967 1986 1137 1521 1960 1402 1416 1185 1218 1957 1949 1821 1218 1746 1695 1646 1248 1574 1341 1526 1081 1084 1517 1635 1834 1792 1109 1869 1215 1365 1706 1573 1643 1340 1240 1285 1795 1820 1640 1047 1046 1256 1453 1483 1740 1579 1860 1400 1298 1486 1606 1861 1141 1713 1135 1255 1600 1337 1637 1721 1669 1822 1452 1030 1962 1288 1288 1970 1829 1212 1442 BCNSPRNW ULIB Ver.6.0+V

เปลี่ยนเป็นภาษาไทย

Change to English
 แสดงรายละเอียดบรรณานุกรม
  กลับหน้าหลัก

Brief Record : Get Marc (ISO 2709) : E-mail record : QR code < ปิดหน้าต่าง
LEADER : 00000nam 2200000uu 4500
001    13399127606
003     ULIB
008    210302s2562||||th 000 0 tha d
020    ^a9786164433182
060  0 ^aWH100^bธ661ค
100 0  ^aธีระ ฤชุตระกูล และ อาจรบ คูหาภินันทน์ (บรรณาธิการ)
245 00 ^aConsultative hematology 2/^cธีระ ฤชุตระกูล และ อาจรบ คูหาภินันทน์ (บรรณาธิการ)
250    ^aพิมพ์ครั้งที่ 1
260    ^aกรุงเทพฯ:^bสาขาวิชาโลหิตวิทยา ภาควิชาอายุรศาสตร์ คณะแพทยศาสตร์ศิริราชพยาบาล,^c2562
300    ^a287 หน้า
650  0 ^aโลหิตวิทยา
650  0 ^aเลือด
650  0 ^aเลือด- -การวินิจฉัย
856    ^a^zสารบัญ^uhttps://drive.google.com/file/d/1NmFqPh2xmH-Nw_VSVFyjSRKNd5A5vMvB/view?usp=sharing
945    ^p360^l0^i28680
945    ^p360^l0^i28681
999    ^aกัณชพร จุลอักษร
รายการนี้ยังไม่มีแท็ก
คุณยังไม่ได้ล็อกอิน คุณสามารถมีกิจกรรมร่วมกับเว็บไซต์ได้ แต่ต้องล็อกอินก่อน ::
  ล็อกอิน

รายการสื่อสารสนเทศ

ลำดับที่ ประเภท เลขเรียก/บาร์โค้ด สถานที่ สถานะ
1. หนังสือสำรอง
หนังสือสำรอง
WH100 ธ661ค ฉ.1 
  Barcode: 28680
ห้องสมุดวิทยาเขตนครสวรรค์
►หนังสือทั่วไป:l:General Books
บนชั้น
2. วิทยาศาสตร์การแพทย์ และสุขภาพ
วิทยาศาสตร์การแพทย์ และสุขภาพ
WH100 ธ661ค ฉ.2 
  Barcode: 28681
ห้องสมุดวิทยาเขตนครสวรรค์
►หนังสือทั่วไป:l:General Books
บนชั้น

รายการใกล้เคียง
    ผู้แต่ง [ธีระ ฤชุตระกูล และ อาจรบ คูหาภินันทน์ (บรรณาธิการ)]

    หัวเรื่อง [โลหิตวิทยา]
    หัวเรื่อง [เลือด]
    หัวเรื่อง [เลือด- -การวินิจฉัย]

BibComment


ยังไม่เคยถูกคอมเมนท์

คอมเมนท์ทรัพยากรรายการนี้
  คอมเมนท์: Consultative hem..


 Copyright 2026. Bcnsprnw @Library